| 000 | 01576cam a2200265 4500 | ||
|---|---|---|---|
| 999 |
_c5797 _d5797 |
||
| 001 | 1306321 | ||
| 003 | GBCCL | ||
| 005 | 20241126110550.0 | ||
| 008 | 700414s1970 miu 000 0aeng | ||
| 010 | _a 77102834 | ||
| 040 |
_aDLC _cDLC _dDLC |
||
| 050 | 0 | 0 |
_aBX8764.Z8 _bP62 1970 |
| 082 | 0 | 0 |
_a272.2092 _a289.9 _aB _bPOP |
| 100 | 1 |
_aPopoff, Haralan, _d1907- _910501 |
|
| 245 | 1 | 0 |
_aTortured for his faith; _ban epic of Christian courage and heroism in our day, _cby Haralan Popov. |
| 260 |
_aGrand Rapids, _bZondervan Pub. House _c[1970] |
||
| 300 |
_a156 p. _c18 cm. |
||
| 350 | _a0.75 | ||
| 505 | _aHaralan Popov was a successful minister in Bulgaria when he was arrested and sentenced to 15 years imprisonment as an American spy, at a widely publicized trial in Sofia. Enduring torture and brainwashing in communist prisons and labor camps, Haralan Popov remained faithful to God. After his release, Dr. Haralan Popov founded Door of Hope International in 1972.Tortured For His Faith Has been published in more than twenty three languages. Has been No. 1 on the best-seller list (pocket books) for many years. More than one million copies sold. Has exposed the militant nature of atheistic communism for more than 30 years. Has inspired readers, strengthened their faith in God, and motivated them to a greater compassion for the Persecuted Church. | ||
| 600 | 1 | 0 |
_aPopoff, Haralan, _d1907- _910501 |
| 650 | 0 |
_aPersecution _zBulgaria. _910502 |
|
| 650 | 0 |
_aPrisoners _zBulgaria _xBiography. _910503 |
|
| 906 |
_a7 _bcbc _corignew _du _encip _f19 _gy-gencatlg |
||
| 942 |
_2ddc _cBK |
||